000 00609nam a2200229Ia 4500
005 20241216010011.0
008 180423s9999||||xx |||||||||||||| ||und||
020 _a84-253-0565-9
082 _a330.15
_bA16
100 _aACADEMIA DE CIENCIAS DE LA RUSIA
245 0 _aMANUAL DE ECONOMIA POLITICA
250 _a3
260 _aBARCELONA-ESPAÑA
_bGRIJALBO
_c1975
300 _a706 pag.
_c19 cm
341 _h0
490 _v0
_a0
505 _aMODO CAPITALISTA-PRODUCCION/MODO SOCIALISTA-PRODUCCION
541 _aC
_d24-Jan-96
650 _aCIENCIAS SOCIALES
856 _zHumanidades
942 _cLIBRO
999 _c2879
_d2879